Rank | City |
1 | Boston, MA | | 98.9% | 3 | Providence, RI | | 97.5% | 7 | Hartford, CT | | 96.1% | 2 | Worcester, MA | | 95% | 6 | New Haven, CT | | 94.8% | 10 | Manchester, NH | | 94.6% | 4 | Springfield, MA | | 94.5% | 40 | Manchester, CT | | 94.5% | 29 | Portland, ME | | 93.5% | 63 | Burlington, VT | | 92.6% | 150 | Burlington, MA | | 92.6% | 62 | Concord, NH | | 91.7% | 5 | Bridgeport, CT | | 91.5% | 12 | Cambridge, MA | | 90.7% | 11 | Lowell, MA | | 89.3% | 8 | Stamford, CT | | 86.6% | 92 | Bangor, ME | | 86.2% | 18 | Nashua, NH | | 85% | 199 | Augusta, ME | | 84% | 15 | Quincy, MA | | 83.4% | 13 | New Bedford, MA | | 82.9% | 17 | Fall River, MA | | 82.6% | 65 | Salem, MA | | 82.1% | 114 | Salem, NH | | 82.1% | 9 | Waterbury, CT | | 81.4% | 16 | Lynn, MA | | 80.6% | 27 | Pawtucket, RI | | 80.6% | 21 | Warwick, RI | | 80.5% | 148 | Newport, RI | | 80.4% | 41 | Plymouth, MA | | 79% | 126 | New London, CT | | 78.9% | 180 | Portsmouth, NH | | 78.8% | 20 | Newton, MA | | 78.1% | 22 | Danbury, CT | | 76.2% | 23 | Cranston, RI | | 76.2% | 54 | East Providence, RI | | 76.2% | 31 | Greenwich, CT | | 75.5% | 79 | Lewiston, ME | | 75% | 14 | Brockton, MA | | 75% | 24 | Lawrence, MA | | 75% | 28 | Framingham, MA | | 73.4% | 30 | West Hartford, CT | | 72.9% | 78 | Amherst, MA | | 72.5% | 36 | Bristol, CT | | 72.5% | 162 | Bristol, RI | | 72.5% | 57 | Pittsfield, MA | | 71.3% | 50 | East Hartford, CT | | 71.2% | 113 | Gloucester, MA | | 70.6% | 39 | Brookline, MA | | 69.8% | 25 | Somerville, MA | | 69.8% | 19 | Norwalk, CT | | 69.6% | 161 | Auburn, ME | | 68.6% | 143 | South Portland, ME | | 68.2% | 95 | North Providence, RI | | 68% | 192 | Essex, VT | | 67.6% | 35 | Waltham, MA | | 67.4% | 69 | Norwich, CT | | 67.3% | 33 | Haverhill, MA | | 67.2% | 66 | Woonsocket, RI | | 66.8% | 43 | Taunton, MA | | 66.6% | 100 | Lexington, MA | | 66.6% | 48 | Revere, MA | | 66.5% | 37 | Malden, MA | | 66.4% | 26 | New Britain, CT | | 66.3% | 103 | Dover, NH | | 66.2% | 44 | West Haven, CT | | 66.2% | 42 | Medford, MA | | 65.5% |
|
Rank | City |
91 | Derry, NH | | 65.3% | 164 | Watertown, CT | | 65% | 96 | Watertown, MA | | 65% | 38 | Fairfield, CT | | 64.9% | 59 | Attleboro, MA | | 63.7% | 90 | Andover, MA | | 63.6% | 73 | Holyoke, MA | | 63.1% | 47 | Milford, CT | | 63.1% | 124 | Milford, MA | | 63.1% | 72 | Groton, CT | | 63% | 107 | East Haven, CT | | 63% | 55 | Barnstable, MA | | 62.6% | 45 | Chicopee, MA | | 62.6% | 68 | Leominster, MA | | 62.4% | 61 | Arlington, MA | | 62.3% | 118 | Northampton, MA | | 62.1% | 99 | Falmouth, MA | | 62% | 52 | Middletown, CT | | 61.6% | 82 | Braintree, MA | | 61.5% | 51 | Peabody, MA | | 61% | 177 | Lincoln, RI | | 60.9% | 84 | Chelsea, MA | | 60.8% | 70 | Fitchburg, MA | | 60.5% | 104 | Rochester, NH | | 60.2% | 152 | Londonderry, NH | | 60.2% | 76 | Marlborough, MA | | 60% | 87 | Dartmouth, MA | | 59.5% | 128 | Milton, MA | | 59.5% | 46 | Weymouth, MA | | 58.9% | 147 | Dedham, MA | | 58.7% | 67 | Westfield, MA | | 58.7% | 93 | Natick, MA | | 58.5% | 157 | Keene, NH | | 58.5% | 176 | Bedford, NH | | 58.3% | 110 | Windsor, CT | | 58.2% | 108 | West Warwick, RI | | 58% | 34 | Meriden, CT | | 57% | 137 | Westport, CT | | 57% | 153 | North Haven, CT | | 56.7% | 98 | Franklin, MA | | 56.7% | 134 | Mansfield, CT | | 56.5% | 158 | Mansfield, MA | | 56.5% | 77 | Woburn, MA | | 56.4% | 71 | Billerica, MA | | 56.3% | 155 | Yarmouth, MA | | 56.2% | 135 | Danvers, MA | | 55.9% | 120 | West Springfield, MA | | 55.9% | 75 | Beverly, MA | | 55.8% | 175 | Biddeford, ME | | 55.8% | 112 | Needham, MA | | 55.5% | 145 | Reading, MA | | 55.5% | 64 | Everett, MA | | 55.4% | 89 | Cumberland, RI | | 54.9% | 32 | Hamden, CT | | 54.6% | 80 | Torrington, CT | | 54.6% | 125 | Wellesley, MA | | 54.4% | 53 | Methuen, MA | | 54.2% | 85 | Coventry, RI | | 54% | 163 | Westerly, RI | | 53.6% | 174 | Winchester, MA | | 53.5% | 111 | Tewksbury, MA | | 53% | 83 | Shrewsbury, MA | | 53% | 88 | Chelmsford, MA | | 52.6% | 56 | Wallingford, CT | | 51.9% | 119 | Agawam, MA | | 51.7% | 127 | Newtown, CT | | 51.5% | 151 | Hudson, NH | | 51.2% |
|
Rank | City |
200 | Hudson, MA | | 51.2% | 58 | Enfield, CT | | 51.1% | 132 | Saugus, MA | | 51% | 121 | North Andover, MA | | 51% | 140 | Farmington, CT | | 50.9% | 187 | Berlin, CT | | 50.8% | 190 | New Canaan, CT | | 50.8% | 139 | Merrimack, NH | | 50.5% | 181 | Darien, CT | | 50.5% | 160 | Easton, MA | | 50.4% | 81 | Trumbull, CT | | 50.2% | 49 | Stratford, CT | | 50.2% | 184 | Brunswick, ME | | 50.1% | 144 | Wakefield, MA | | 49.3% | 101 | South Kingstown, RI | | 49.3% | 136 | North Kingstown, RI | | 49.3% | 94 | Randolph, MA | | 48.7% | 171 | Canton, MA | | 48.6% | 188 | Marblehead, MA | | 48.5% | 86 | Glastonbury, CT | | 48.5% | 166 | Wilmington, MA | | 48.4% | 60 | Southington, CT | | 48.4% | 167 | Hingham, MA | | 48.1% | 141 | Windham, CT | | 47.2% | 133 | Bridgewater, MA | | 47.1% | 168 | Acton, MA | | 47% | 116 | North Attleborough, MA | | 47% | 142 | Marshfield, MA | | 46.5% | 105 | Dracut, MA | | 46.4% | 74 | Shelton, CT | | 46.3% | 179 | Sanford, ME | | 45.7% | 115 | Johnston, RI | | 45.7% | 129 | Melrose, MA | | 45.7% | 189 | Bourne, MA | | 45.2% | 117 | Norwood, MA | | 45.1% | 196 | Central Falls, RI | | 45.1% | 130 | Stoughton, MA | | 45% | 102 | Newington, CT | | 44.9% | 146 | Belmont, MA | | 44.4% | 182 | Sandwich, MA | | 44.3% | 173 | Smithfield, RI | | 44.3% | 138 | South Windsor, CT | | 44.1% | 154 | Walpole, MA | | 43.7% | 109 | Vernon, CT | | 43.6% | 171 | Stoneham, MA | | 43.3% | 97 | Naugatuck, CT | | 43.2% | 159 | Middleborough, MA | | 42.7% | 106 | Cheshire, CT | | 42.3% | 122 | New Milford, CT | | 42.3% | 194 | Waterford, CT | | 42.1% | 156 | Simsbury, CT | | 41.7% | 165 | Guilford, CT | | 41.6% | 198 | East Lyme, CT | | 41.1% | 149 | Ridgefield, CT | | 40.8% | 195 | Monroe, CT | | 40.7% | 170 | Wareham, MA | | 40.6% | 123 | Branford, CT | | 40.2% | 185 | Gardner, MA | | 39.7% | 197 | Ansonia, CT | | 38.9% | 178 | Ludlow, MA | | 38.7% | 131 | Wethersfield, CT | | 37.8% | 168 | Westford, MA | | 37.2% | 191 | Rocky Hill, CT | | 36.8% | 186 | Southbury, CT | | 35.1% | 183 | Bloomfield, CT | | 33.7% | 193 | Montville, CT | | 31.5% |
|
Comments